| 000 | 00983nam a2200241 i 4500 | ||
|---|---|---|---|
| 001 | 193980 | ||
| 003 | ES-MaACL | ||
| 005 | 20250704062601.0 | ||
| 008 | 240311e2012 sp ||||| |||| 00| 0 spa d | ||
| 040 |
_bspa _cES-MaACL |
||
| 245 | 0 | 0 |
_aObras son amores_ : _binforme sobre el estado actual de conservación y mantenimiento de los edificios del Ateneo de Madrid, octubre 2012 |
| 264 |
_a[Madrid : _bPlataforma de Socios para la Recuperación de los Valores del Ateneo de Madrid, _c2012] |
||
| 300 |
_a4 páginas : _bilustraciones ; _c30 cm |
||
| 336 |
_2rdacontent _atexto |
||
| 337 |
_2rdamedia _asin mediación |
||
| 338 |
_2rdacarrier _avolumen |
||
| 500 | _aDocumento fotocopiado sobre la conservación y mantenimiento del Ateneo de Madrid, publicado en octubre de 2012 | ||
| 610 | 2 | 4 |
_aAteneo de Madrid- _vHistoria _91925 |
| 852 |
_aES-MaACL _cDEPOF _j2347-F-103 _9201522 |
||
| 942 |
_cFOLLETOS _n0 |
||
| 999 |
_c193980 _d193980 |
||